00712nam a22001937a 450000500170000000800410001702000150005805000210007324501020009425000110019626000300020730000210023750400410025865000510029965000350035065100530038570000420043870000380048020240201140406.0180502t2005 sp gr|||| 000 0 spa|| a849772658804aJL966 bD46 200504aDemocracia e instituciones en América Latina c / Manuel Guedán, Guillermo Escobar, editores. a1a ed. aMadrid :bDykinson,c2005 a289 p. ;c24 cm. aIncluye referencias bibliográficas 4aDerechos políticos. xParticipacion politica 4aDemocracia xAmérica Latina. 4aAmérica Latina xPolítica y gobierno y1980-1 aGuedén Menéndez, Manuel, eeditor1 aEscobar Roca, Guillermo, eeditor